Équipes de Ligue 1 A-Z - Statistiques

Statistiques générales
  • Ce quiz a été pris 148 fois
  • Le résultat moyen est 9 sur 18
Statistiques - réponses
Lettre Équipe % Correct
A AJ Auxerre / Angers SCO / AC Ajaccio / FC Antibes / AS Angoulême / Amiens SC / AC Avignonnais / AS Aix-en-Provence / AC arlésien
96%
L LOSC Lille / RC Lens / Le Havre AC / FC Lorient / Le Mans FC / Limoges Football / Lyon OU
81%
N OGC Nice / FC Nantes / Nîmes Olympique / AS Nancy-Lorraine / FC Nancy / SC Nîmes
77%
P Paris Saint-Germain / Paris FC / CA Paris-Charenton
77%
M AS Monaco / FC Metz / Montpellier HSC / FC Mulhouse / FC Martigues
70%
C AS Cannes / SM Caen / Clermont Foot 63 / Chamois niortais / LB Châteauroux / Club français
68%
B SC Bastia / AS Béziers / US Boulogne
62%
S AS Saint-Étienne / Stade rennais FC / FC Sochaux-Montbéliard / RC Strasbourg / Stade de Reims / CS Sedan Ardennes / Stade brestois 29 / SC Sète / Stade français / Stade lavallois / Stadium Racing Colmar
61%
G Girondins de Bordeaux / EA Guingamp / Grenoble Foot 38 / FC Gueugnon / Gazélec FC Ajaccio
61%
T Toulouse FC / SC Toulon / ESTAC Troyes / Troyes AF / Tours FC
54%
R Racing CFF / FC Rouen / Red Star FC / CO Roubaix-Tourcoing / RC Roubaix
48%
O Olympique de Marseille / Olympique lyonnais / Olympique lillois / Olympique d'Alès
47%
D Dijon FCO
41%
E Excelsior AC / Évian Thonon Gaillard
30%
I Istres FC
28%
V Valenciennes FC
28%
H Hyères FC
10%
F SC Fives
0%
Aucun quiz correspondant
Distribution des résultats
% des personnes avec chaque résultat
Percentile par nombre de réponses
Votre historique - résultats
Vous n’avez pas pris ce quiz